An introduction to marine mammal: biology and conservation

Wedi'i Gadw mewn:
Manylion Llyfryddiaeth
Prif Awduron: Parsons, Edward C. M (Awdur), Bauer, Amy (Awdur), McCafferty, Dominic (Awdur), Simmonds, Mark Peter (Awdur), Wright, Andrew J (Awdur)
Fformat: Llyfr
Iaith:Saesneg
Cyhoeddwyd: Burlington Jones and Bartlett 2013
Rhifyn:1a. ed
Pynciau:
Tagiau: Ychwanegu Tag
Dim Tagiau, Byddwch y cyntaf i dagio'r cofnod hwn!

MARC

LEADER 00000cam a2200000 a 4500
001 UCC5750
003 CL-VaPUC
008 181026e20130000us |||||||||||||||||eng|d
020 |a 9780763783440 
082 0 4 |a 599.5  |b PAR  |2 21 
100 |a Parsons, Edward C. M  |e author  |9 600089 
700 0 |a Bauer, Amy  |e author  |9 600090 
700 0 |a McCafferty, Dominic  |e author  |9 600091 
700 0 |a Simmonds, Mark Peter  |e author  |9 600092 
700 0 |a Wright, Andrew J  |e author  |9 600093 
245 1 3 |a An introduction to marine mammal: biology and conservation 
250 |a 1a. ed 
300 |a 345 p 
942 |c BK 
945 |d 20181026 16:22:00  |a dcastane 
260 |a Burlington  |b Jones and Bartlett  |c 2013 
650 7 |a MAMIFEROS MARINOS  |2 CL-VaPUC  |9 262220 
650 7 |a OSOS  |2 CL-VaPUC  |9 509239 
650 7 |a DELFINES  |2 CL-VaPUC  |9 261768 
583 |a last modification  |c 20181114 12:09:32  |k Rodrigo Vera 
999 |c 372864  |d 372862 
952 |0 0  |1 0  |3 erb  |4 0  |6 599_500000000000000_PAR_2013  |7 0  |8 CCM  |9 490726  |a BIBCUR  |b BIBCUR  |i 5510112  |o 599.5 PAR 2013  |p 5510112  |r 2025-04-22  |w 2019-11-24  |y BK_R  |z Catalogado en:20181026  |k CIM 
952 |0 0  |1 0  |3 erb  |4 0  |6 599_500000000000000_PAR_2013  |7 0  |8 CCM  |9 490727  |a BIBCUR  |b BIBCUR  |i 5514576  |o 599.5 PAR 2013  |p 5514576  |r 2025-04-22  |w 2019-11-24  |y BK_R  |z Catalogado en:20181116  |k CIM 
952 |0 0  |1 0  |3 erb  |4 0  |6 599_500000000000000_PAR_2013  |7 0  |8 R  |9 490728  |a BIBCUR  |b BIBCUR  |i 5514584  |l 9  |o 599.5 PAR 2013  |p 5514584  |q 2026-03-18  |r 2025-03-25  |s 2025-03-25  |w 2019-11-24  |y BK_R  |z Catalogado en:20181116  |k CIM